| 000 | 01256nam a22003017a 4500 | ||
|---|---|---|---|
| 001 | 7901 | ||
| 003 | FISKH | ||
| 005 | 20250822103015.0 | ||
| 008 | 250813b cb ||||| |||| 00| 0 eng d | ||
| 020 | _a9780545556064 | ||
| 040 |
_aFISKH _beng _cFISKH _dFISKH |
||
| 050 | _aGV838.K45 C67 | ||
| 082 | _a797.2 | ||
| 100 | _aCorey, Shana | ||
| 245 |
_aMermaid queen / _cBy Shana Corey ; illustrated by Edwin Fotheringham |
||
| 250 | _aThis edition first published in 2009 | ||
| 260 |
_aNew York : _bScholastic, _c2009 |
||
| 300 |
_a38 unnumbered pages : _bcolor illustrations ; _c28 cm |
||
| 505 | _aP | ||
| 520 | _aAs a child growing up in Australia, Annette Kellerman was a frail ugly duckling who dreamed of becoming a graceful ballerina. With courage and determination, she confronted a crippling illness to become an internationally known record-setting athlete who revolutionized the sport of swimming for women, a movie star who invented water ballet, and a fashion revolutionary who modernized the swimsuit. | ||
| 521 | 8 |
_a650
_bLexile |
|
| 521 | 8 |
_aP
_bRaz-Plus |
|
| 650 |
_2Fashion _aEnglish Channel |
||
| 650 |
_2Swimming _aWomen's history |
||
| 700 |
_aFotheringham, Edwin _dillustrator |
||
| 942 |
_2ddc _cBK _n0 |
||
| 999 |
_c7901 _d7901 |
||